000 01129nam a2200301 i 4500
001 bg
100 1 _aSIMON, Hermann
245 1 0 _aTajemniczy mistrzowie :
_bstudia przypadków /
_cHermann Simon ; przekł. Ewa Balcerek ; Fundacja Edukacyjna Przedsiębiorczości.
246 _iTyt. oryg.:
_aHidden champions : lessons from 500 of the world's best unknown companies
260 _aWarszawa :
_bWydaw. Naukowe PWN,
_c1999.
300 _a258, [2] s. :
_bil., 1 mapa ;
_c24 cm.
490 1 _aPrzedsiębiorczość
500 _aTyt. oryg. : "Hidden champions : lessons from 500 of the world's best unknown companies" 1996.
504 _aBibliogr.
650 9 _aPrzedsiębiorstwa małe i średnie
_xekonomika
650 9 _aPrzedsiębiorstwa małe i średnie
_xorganizacja
650 9 _aSukces
_xzagadnienia
650 9 _aZarządzanie
_xmetody
710 0 _aFundacja Edukacyjna Przedsiębiorczości
830 _aPrzedsiębiorczość
020 _a8301128178
040 _cBPK
041 1 _apl
_hen
080 _a658.114.011/.012
920 _a83-01-12817-8
942 _cKS
008 s pl f |000 0 pol
999 _c37136
_d37136